Truyện cổ Andersen
Saved in:
| Main Author: | |
|---|---|
| Format: | Book |
| Language: | Undetermined |
| Published: |
Thành phố Hồ Chí Minh
Văn hoá thông tin
2019
|
| Subjects: | |
| Tags: |
Add Tag
No Tags, Be the first to tag this record!
|
| Institutions: | Trung tâm Học liệu Trường Đại học Cần Thơ |
|---|
| LEADER | 00658nam a2200193Ia 4500 | ||
|---|---|---|---|
| 001 | CTU_232395 | ||
| 008 | 210402s9999 xx 000 0 und d | ||
| 020 | |c 135000 | ||
| 082 | |a 398.209489 | ||
| 082 | |b A544 | ||
| 100 | |a Andersen, Hans Christian | ||
| 245 | 0 | |a Truyện cổ Andersen | |
| 245 | 0 | |c Hans Christian Andersen ; Mạnh Chương (dịch) | |
| 260 | |a Thành phố Hồ Chí Minh | ||
| 260 | |b Văn hoá thông tin | ||
| 260 | |c 2019 | ||
| 650 | |a Children's literature, Danish,Fairy tales,Văn học trẻ em Đan Mạch,Chuyện cổ tích | ||
| 904 | |i Qhieu | ||
| 980 | |a Trung tâm Học liệu Trường Đại học Cần Thơ | ||